000 00403nam a2200157 i 4500
001 bg
100 1 _aZISMAN, E. A.
245 0 _aKurs obščej fiziki.
_nT. 3,
_pOptika, fizika atomov i molekul. /
_cE.A. Zisman, O.M. Todes.
250 _aVyp. 5.
260 _aMoskva,
_c1972.
700 1 _aTODES, O. M.
040 _cBPK
041 _apol
942 _cKS
008 s pl f |000 0 pol
999 _c47032
_d47032
856 _uhttp://koha.tu.koszalin.pl/cgi-bin/koha/opac-detail.pl?biblionumber=47032
_yKatalog online BPK